000
00198nam a22000857a 4500
008
161122b xxu||||| |||| 00| 0 eng d
100
_9
1313
_a
Grolier.
245
_a
Disney Hercules
260
_a
U.S.A.
_c
2002
999
_c
4026
_d
4026